Even Numbers in 75 (Clickable) Quiz Stats

 Plays Quiz not verified by Sporcle

Challenge
Share
Tweet
Embed
Score 0/37 Timer 00:30
0 Plays Today
% Correct
???
81.1%
???
81.1%
???
79.2%
???
79.2%
???
79.2%
???
77.4%
???
77.4%
???
77.4%
???
77.4%
???
77.4%
???
77.4%
???
77.4%
???
75.5%
???
73.6%
???
73.6%
???
73.6%
???
73.6%
???
73.6%
???
71.7%
% Correct
???
71.7%
???
71.7%
???
71.7%
???
71.7%
???
71.7%
???
71.7%
???
69.8%
???
69.8%
???
69.8%
???
69.8%
???
69.8%
???
66%
???
66%
???
64.2%
???
64.2%
???
62.3%
???
62.3%
???
62.3%

You're not logged in!

Compare scores with friends on all Sporcle quizzes.
OR
Log In

You Might Also Like...

Show Comments

Extras

Created Oct 18, 2016ReportNominate
Tags:Clickable Quiz, 300, minute, multiple

Top Quizzes Today


Score Distribution

Your Account Isn't Verified!

In order to create a playlist on Sporcle, you need to verify the email address you used during registration. Go to your Sporcle Settings to finish the process.

Report this User

Report this user for behavior that violates our Community Guidelines.

Details: